000 003410000a22001450004500
020 _a958-06-0231-X
041 0 _aSPA
082 0 4 _aG 863 A432c
100 1 _aAllende, Isabel (1942-)
245 1 0 _aLa casa de los espĂ­ritus / Isabel Allende
260 _aBogotá, Colombia : Oveja Negra
300 _a365 Pag
001 11321
942 _cBK
999 _c40662
_d40662